<?xml version="1.0" encoding="UTF-8"?>
<record
    xmlns:xsi="http://www.w3.org/2001/XMLSchema-instance"
    xsi:schemaLocation="http://www.loc.gov/MARC21/slim http://www.loc.gov/standards/marcxml/schema/MARC21slim.xsd"
    xmlns="http://www.loc.gov/MARC21/slim">

  <leader>02417nam a2200493 a 4500</leader>
  <controlfield tag="001">79682</controlfield>
  <controlfield tag="003">BD-RjUL</controlfield>
  <controlfield tag="005">20220411091221.0</controlfield>
  <controlfield tag="008">220411s1953    ua            000 0 ara d</controlfield>
  <datafield tag="035" ind1=" " ind2=" ">
    <subfield code="a">(BD-RjUL)79682</subfield>
  </datafield>
  <datafield tag="040" ind1=" " ind2=" ">
    <subfield code="a">BIC</subfield>
    <subfield code="b">eng</subfield>
    <subfield code="c">BD-RjUL</subfield>
  </datafield>
  <datafield tag="041" ind1=" " ind2=" ">
    <subfield code="a">ara</subfield>
  </datafield>
  <datafield tag="082" ind1=" " ind2=" ">
    <subfield code="2">23</subfield>
    <subfield code="a">946.8</subfield>
    <subfield code="b">DAM 1953</subfield>
  </datafield>
  <datafield tag="100" ind1="1" ind2=" ">
    <subfield code="a">&#x636;&#x64A;&#x641;&#x60C; &#x634;&#x648;&#x642;&#x64A;&#x60C;[dayfi, shawqi,]</subfield>
    <subfield code="d">1910-2005</subfield>
    <subfield code="e">&#x645;&#x62D;&#x642;&#x642;</subfield>
    <subfield code="9">2333</subfield>
  </datafield>
  <datafield tag="245" ind1="1" ind2="0">
    <subfield code="a">&#x627;&#x644;&#x645;&#x63A;&#x631;&#x628; &#x641;&#x64A; &#x62D;&#x644;&#x649; &#x627;&#x644;&#x645;&#x63A;&#x631;&#x628; /[almaghrib fi hlaa almaghrib] /</subfield>
    <subfield code="c">&#x62D;&#x642;&#x642;&#x647; &#x648;&#x639;&#x644;&#x642; &#x639;&#x644;&#x64A;&#x647; &#x634;&#x648;&#x642;&#x64A; &#x636;&#x64A;&#x641;. [haqaqah waealaq ealayh shawqi dayf.]</subfield>
  </datafield>
  <datafield tag="260" ind1=" " ind2=" ">
    <subfield code="a">&#x627;&#x644;&#x642;&#x627;&#x647;&#x631;&#x629; :</subfield>
    <subfield code="b">&#x62F;&#x627;&#x631; &#x627;&#x644;&#x645;&#x639;&#x627;&#x631;&#x641;,</subfield>
    <subfield code="c">1953</subfield>
  </datafield>
  <datafield tag="300" ind1=" " ind2=" ">
    <subfield code="a">v.; &#x62C;. ; :</subfield>
    <subfield code="b">1-2 &#x62C;. ;</subfield>
    <subfield code="c">24 &#x633;&#x645;.</subfield>
  </datafield>
  <datafield tag="490" ind1=" " ind2=" ">
    <subfield code="a">&#x630;&#x62E;&#x627;&#x626;&#x631; &#x627;&#x644;&#x639;&#x631;&#x628;</subfield>
    <subfield code="v">10</subfield>
  </datafield>
  <datafield tag="505" ind1=" " ind2=" ">
    <subfield code="a">Vol. 1.--</subfield>
  </datafield>
  <datafield tag="650" ind1=" " ind2="7">
    <subfield code="a">&#x627;&#x644;&#x62F;&#x648;&#x644;&#x629; &#x627;&#x644;&#x623;&#x646;&#x62F;&#x644;&#x633;&#x64A;&#x629;</subfield>
    <subfield code="x">&#x62A;&#x627;&#x631;&#x64A;&#x62E;</subfield>
    <subfield code="2">BIC</subfield>
    <subfield code="9">2334</subfield>
  </datafield>
  <datafield tag="650" ind1=" " ind2="7">
    <subfield code="a">&#x627;&#x644;&#x634;&#x639;&#x631; &#x627;&#x644;&#x639;&#x631;&#x628;&#x64A;</subfield>
    <subfield code="v">&#x645;&#x62C;&#x645;&#x648;&#x639;&#x627;&#x62A;</subfield>
    <subfield code="y">&#x627;&#x644;&#x639;&#x635;&#x631; &#x627;&#x644;&#x623;&#x646;&#x62F;&#x644;&#x633;&#x64A;</subfield>
    <subfield code="2">BIC</subfield>
    <subfield code="9">2335</subfield>
  </datafield>
  <datafield tag="651" ind1=" " ind2="7">
    <subfield code="a">&#x627;&#x644;&#x62F;&#x648;&#x644;&#x629; &#x627;&#x644;&#x623;&#x646;&#x62F;&#x644;&#x633;&#x64A;&#x629;</subfield>
    <subfield code="2">BIC</subfield>
    <subfield code="9">2336</subfield>
  </datafield>
  <datafield tag="651" ind1=" " ind2="7">
    <subfield code="a">&#x642;&#x631;&#x637;&#x628;&#x629;</subfield>
    <subfield code="2">BIC</subfield>
    <subfield code="9">2337</subfield>
  </datafield>
  <datafield tag="651" ind1=" " ind2="7">
    <subfield code="a">&#x642;&#x631;&#x637;&#x628;&#x629;</subfield>
    <subfield code="x">&#x62A;&#x627;&#x631;&#x64A;&#x62E;</subfield>
    <subfield code="2">BIC</subfield>
    <subfield code="9">2338</subfield>
  </datafield>
  <datafield tag="651" ind1=" " ind2="7">
    <subfield code="a">&#x627;&#x634;&#x628;&#x64A;&#x644;&#x64A;&#x629;</subfield>
    <subfield code="2">BIC</subfield>
    <subfield code="9">2339</subfield>
  </datafield>
  <datafield tag="651" ind1=" " ind2="7">
    <subfield code="a">&#x627;&#x634;&#x628;&#x64A;&#x644;&#x64A;&#x629;</subfield>
    <subfield code="x">&#x62A;&#x627;&#x631;&#x64A;&#x62E;</subfield>
    <subfield code="2">BIC</subfield>
    <subfield code="9">2340</subfield>
  </datafield>
  <datafield tag="651" ind1=" " ind2="7">
    <subfield code="a">&#x627;&#x644;&#x62F;&#x648;&#x644;&#x629; &#x627;&#x644;&#x623;&#x646;&#x62F;&#x644;&#x633;&#x64A;&#x629;</subfield>
    <subfield code="x">&#x627;&#x644;&#x645;&#x62F;&#x646;</subfield>
    <subfield code="2">BIC</subfield>
    <subfield code="9">2341</subfield>
  </datafield>
  <datafield tag="651" ind1=" " ind2="7">
    <subfield code="a">&#x627;&#x644;&#x62F;&#x648;&#x644;&#x629; &#x627;&#x644;&#x623;&#x646;&#x62F;&#x644;&#x633;&#x64A;&#x629;</subfield>
    <subfield code="x">&#x627;&#x644;&#x645;&#x62F;&#x646;</subfield>
    <subfield code="z">&#x628;&#x637;&#x644;&#x64A;&#x648;&#x633;</subfield>
    <subfield code="2">BIC</subfield>
    <subfield code="9">2342</subfield>
  </datafield>
  <datafield tag="651" ind1=" " ind2="7">
    <subfield code="a">&#x627;&#x644;&#x62F;&#x648;&#x644;&#x629; &#x627;&#x644;&#x623;&#x646;&#x62F;&#x644;&#x633;&#x64A;&#x629;</subfield>
    <subfield code="x">&#x627;&#x644;&#x645;&#x62F;&#x646;</subfield>
    <subfield code="z">&#x634;&#x644;&#x628;</subfield>
    <subfield code="2">BIC</subfield>
    <subfield code="9">2343</subfield>
  </datafield>
  <datafield tag="651" ind1=" " ind2="7">
    <subfield code="a">&#x627;&#x644;&#x62F;&#x648;&#x644;&#x629; &#x627;&#x644;&#x623;&#x646;&#x62F;&#x644;&#x633;&#x64A;&#x629;</subfield>
    <subfield code="x">&#x627;&#x644;&#x645;&#x62F;&#x646;</subfield>
    <subfield code="z">&#x628;&#x627;&#x62C;&#x629;</subfield>
    <subfield code="2">BIC</subfield>
    <subfield code="9">2344</subfield>
  </datafield>
  <datafield tag="651" ind1=" " ind2="7">
    <subfield code="a">&#x627;&#x644;&#x62F;&#x648;&#x644;&#x629; &#x627;&#x644;&#x623;&#x646;&#x62F;&#x644;&#x633;&#x64A;&#x629;</subfield>
    <subfield code="x">&#x627;&#x644;&#x645;&#x62F;&#x646;</subfield>
    <subfield code="z">&#x627;&#x634;&#x628;&#x648;&#x646;&#x629;</subfield>
    <subfield code="2">BIC</subfield>
    <subfield code="9">2345</subfield>
  </datafield>
  <datafield tag="651" ind1=" " ind2="7">
    <subfield code="a">&#x627;&#x644;&#x62F;&#x648;&#x644;&#x629; &#x627;&#x644;&#x623;&#x646;&#x62F;&#x644;&#x633;&#x64A;&#x629;</subfield>
    <subfield code="x">&#x627;&#x644;&#x645;&#x62F;&#x646;</subfield>
    <subfield code="z">&#x645;&#x627;&#x644;&#x642;&#x629;</subfield>
    <subfield code="2">BIC</subfield>
    <subfield code="9">2346</subfield>
  </datafield>
  <datafield tag="651" ind1=" " ind2="7">
    <subfield code="a">&#x627;&#x644;&#x62F;&#x648;&#x644;&#x629; &#x627;&#x644;&#x623;&#x646;&#x62F;&#x644;&#x633;&#x64A;&#x629;</subfield>
    <subfield code="x">&#x627;&#x644;&#x645;&#x62F;&#x646;</subfield>
    <subfield code="z">&#x637;&#x644;&#x64A;&#x637;&#x644;&#x629;</subfield>
    <subfield code="2">BIC</subfield>
    <subfield code="9">2347</subfield>
  </datafield>
  <datafield tag="651" ind1=" " ind2="7">
    <subfield code="a">&#x627;&#x644;&#x62F;&#x648;&#x644;&#x629; &#x627;&#x644;&#x623;&#x646;&#x62F;&#x644;&#x633;&#x64A;&#x629;</subfield>
    <subfield code="x">&#x627;&#x644;&#x645;&#x62F;&#x646;</subfield>
    <subfield code="z">&#x62C;&#x64A;&#x627;&#x646;</subfield>
    <subfield code="9">2348</subfield>
  </datafield>
  <datafield tag="651" ind1=" " ind2="7">
    <subfield code="a">&#x627;&#x644;&#x62F;&#x648;&#x644;&#x629; &#x627;&#x644;&#x623;&#x646;&#x62F;&#x644;&#x633;&#x64A;&#x629;</subfield>
    <subfield code="x">&#x627;&#x644;&#x645;&#x62F;&#x646;</subfield>
    <subfield code="z">&#x627;&#x644;&#x628;&#x64A;&#x631;&#x647;</subfield>
    <subfield code="2">BIC</subfield>
    <subfield code="9">2349</subfield>
  </datafield>
  <datafield tag="651" ind1=" " ind2="7">
    <subfield code="a">&#x627;&#x644;&#x62F;&#x648;&#x644;&#x629; &#x627;&#x644;&#x623;&#x646;&#x62F;&#x644;&#x633;&#x64A;&#x629;</subfield>
    <subfield code="x">&#x627;&#x644;&#x645;&#x62F;&#x646;</subfield>
    <subfield code="z">&#x627;&#x644;&#x645;&#x631;&#x64A;&#x629;</subfield>
    <subfield code="9">2350</subfield>
  </datafield>
  <datafield tag="651" ind1=" " ind2="7">
    <subfield code="a">&#x627;&#x644;&#x62F;&#x648;&#x644;&#x629; &#x627;&#x644;&#x623;&#x646;&#x62F;&#x644;&#x633;&#x64A;&#x629;</subfield>
    <subfield code="x">&#x627;&#x644;&#x645;&#x62F;&#x646;</subfield>
    <subfield code="z">&#x628;&#x644;&#x646;&#x633;&#x64A;&#x629;</subfield>
    <subfield code="9">2351</subfield>
  </datafield>
  <datafield tag="651" ind1=" " ind2="7">
    <subfield code="a">&#x627;&#x644;&#x62F;&#x648;&#x644;&#x629; &#x627;&#x644;&#x623;&#x646;&#x62F;&#x644;&#x633;&#x64A;&#x629;</subfield>
    <subfield code="x">&#x627;&#x644;&#x645;&#x62F;&#x646;</subfield>
    <subfield code="z">&#x62A;&#x62F;&#x645;&#x64A;&#x631;</subfield>
    <subfield code="9">2352</subfield>
  </datafield>
  <datafield tag="651" ind1=" " ind2="7">
    <subfield code="a">&#x627;&#x644;&#x62F;&#x648;&#x644;&#x629; &#x627;&#x644;&#x623;&#x646;&#x62F;&#x644;&#x633;&#x64A;&#x629;</subfield>
    <subfield code="x">&#x627;&#x644;&#x645;&#x62F;&#x646;</subfield>
    <subfield code="z">&#x637;&#x631;&#x637;&#x648;&#x634;&#x629;</subfield>
    <subfield code="9">2353</subfield>
  </datafield>
  <datafield tag="651" ind1=" " ind2="7">
    <subfield code="a">&#x627;&#x644;&#x62F;&#x648;&#x644;&#x629; &#x627;&#x644;&#x623;&#x646;&#x62F;&#x644;&#x633;&#x64A;&#x629;</subfield>
    <subfield code="x">&#x627;&#x644;&#x645;&#x62F;&#x646;</subfield>
    <subfield code="z">&#x627;&#x644;&#x633;&#x647;&#x644;&#x629;</subfield>
    <subfield code="9">2354</subfield>
  </datafield>
  <datafield tag="651" ind1=" " ind2="7">
    <subfield code="a">&#x627;&#x644;&#x62F;&#x648;&#x644;&#x629; &#x627;&#x644;&#x623;&#x646;&#x62F;&#x644;&#x633;&#x64A;&#x629;</subfield>
    <subfield code="x">&#x627;&#x644;&#x645;&#x62F;&#x646;</subfield>
    <subfield code="z">&#x645;&#x64A;&#x648;&#x631;&#x642;&#x629;</subfield>
    <subfield code="9">2355</subfield>
  </datafield>
  <datafield tag="830" ind1=" " ind2="0">
    <subfield code="a">&#x630;&#x62E;&#x627;&#x626;&#x631; &#x627;&#x644;&#x639;&#x631;&#x628; ;</subfield>
    <subfield code="v">10</subfield>
    <subfield code="9">1026</subfield>
  </datafield>
  <datafield tag="942" ind1=" " ind2=" ">
    <subfield code="2">ddc</subfield>
    <subfield code="c">BK</subfield>
  </datafield>
  <datafield tag="999" ind1=" " ind2=" ">
    <subfield code="c">79682</subfield>
    <subfield code="d">79682</subfield>
  </datafield>
  <datafield tag="952" ind1=" " ind2=" ">
    <subfield code="0">0</subfield>
    <subfield code="1">0</subfield>
    <subfield code="2">ddc</subfield>
    <subfield code="4">0</subfield>
    <subfield code="7">1</subfield>
    <subfield code="8">NFIC</subfield>
    <subfield code="a">RUCL</subfield>
    <subfield code="b">RUCL</subfield>
    <subfield code="c">Reading</subfield>
    <subfield code="d">1968-09-14</subfield>
    <subfield code="e">Zeitlinger</subfield>
    <subfield code="g">175.00</subfield>
    <subfield code="o">A 946.8 DAM V-1 1953</subfield>
    <subfield code="r">2022-04-10 00:00:00</subfield>
    <subfield code="t">C-1</subfield>
    <subfield code="y">BK</subfield>
  </datafield>
  <datafield tag="952" ind1=" " ind2=" ">
    <subfield code="0">0</subfield>
    <subfield code="1">0</subfield>
    <subfield code="2">ddc</subfield>
    <subfield code="4">0</subfield>
    <subfield code="7">1</subfield>
    <subfield code="8">NFIC</subfield>
    <subfield code="a">RUCL</subfield>
    <subfield code="b">RUCL</subfield>
    <subfield code="c">Reading</subfield>
    <subfield code="d">1968-09-14</subfield>
    <subfield code="e">Zeitlinger</subfield>
    <subfield code="g">175.00</subfield>
    <subfield code="o">A 946.8 DAM V-2 1955</subfield>
    <subfield code="r">2022-04-10 00:00:00</subfield>
    <subfield code="t">C-1</subfield>
    <subfield code="y">BK</subfield>
  </datafield>
</record>
